1974 1248 1444 1745 1719 1667 1547 1386 1574 1390 1199 1411 1574 1590 1891 1120 1958 1053 1337 1545 1173 1584 1633 1000 1687 1131 1324 1331 1654 1810 1763 1409 1299 1121 1261 1693 1878 1154 1246 1718 1545 1820 1391 1768 1072 1589 1508 1556 1460 1443 1343 1155 1413 1732 1464 1592 1298 1879 1563 1734 1224 1471 1320 1538 1704 1502 1117 1267 1967 1189 1448 1439 1193 1435 1965 1391 1491 1921 1889 1593 1440 1639 1752 1087 1906 1148 1057 1100 1906 1006 1705 1058 1260 1007 1437 1741 1695 1435 1286 BCNSPRNW ULIB Ver.6.0+V

เปลี่ยนเป็นภาษาไทย

Change to English
 แสดงรายละเอียดบรรณานุกรม
  กลับหน้าหลัก

Brief Record : Get Marc (ISO 2709) : E-mail record : QR code < ปิดหน้าต่าง
LEADER : 00000nam 2200000uu 4500
001    13399124980
003     ULIB
008    160527s2558||||th 000 0 tha d
020    ^a9789990095654 (v.1)
060 04 ^aWO100^bต367 ล.1
245 00 ^aตำราศัลยศาสตร์ Vol.1 : Textbook of surgery Vol.1/^cสุทธิพร จิตต์มิตรภาพ,พัฒน์พงศ์ นาวีเจริญ, บรรณาธิการ
246 31 ^aTextbook of surgery
250    ^aพิมพ์ครั้งที่ 13
260    ^aกรุงเทพฯ :^bศูนย์หนังสือจุฬาลงกรณ์มหาวิทยาลัย,^c2558
300    ^a2 เล่ม. :^bภาพประกอบ. ;^c26 ซม.
505 0  ^aHistory and Development of Surgery ... An Approach to Surgery ... Evidence Based Surgery ... Surgery and patient safety ... Responses to Injury ... Fluid, Electrolytes and Acid-Base ... Shock ... Wound Healing and Wound care ... Nutrition in The Surgery patients ... Hemostasis, Surgical Bleeding and Tranfution ... Cardiopulmonary Resuscitation ... Surgical Infection ... Tranplantation ... Anesthsia ... Preoperative and Postoperative Care ... Multiple Organ Dysfunction Syndrome ... Surgical Oncology ... Minimally Invasive Surgery ... Trauma: General Principles ... Burn ... Bites and Stings ... Spinal Injury ... Injury of the neck ... Facial Injuries ... Chest Injury ... Abdominal Injury ... Urology Injury ... Vascular Injury ... General Principle of injury to bones and joints ... Head Injury ... Hand Injury ... Acute Abdomen ... Acute GL Bleeding ... Lower Gastrointestinal Hemorrhage
650  7 ^aศัลยศาสตร์
650  7 ^aศัลยศาสตร์^xตำราเรียน
700 0  ^aสุทธิพร จิตต์มิตรภาพ,^eบรรณาธิการ
700 0  ^aพัฒน์พงศ์ นาวีเจริญ,^eบรรณาธิการ
710 2  ^aจุฬาลงกรณ์มหาวิทยาลัย. ^bคณะแพทยศาสตร์. ^bภาควิชาศัลยศาสตร์
945    ^p370^l0^i23671
945    ^p370^l0^i23672
945    ^p370^l0^i23673
999    ^aทศพร เกษรทอง
รายการนี้ยังไม่มีแท็ก
คุณยังไม่ได้ล็อกอิน คุณสามารถมีกิจกรรมร่วมกับเว็บไซต์ได้ แต่ต้องล็อกอินก่อน ::
  ล็อกอิน

รายการสื่อสารสนเทศ

ลำดับที่ ประเภท เลขเรียก/บาร์โค้ด สถานที่ สถานะ
1. วิทยาศาสตร์การแพทย์ และสุขภาพ
วิทยาศาสตร์การแพทย์ และสุขภาพ
สถานะ=หนังสือเก่า
WO100 ต367 ล.1 ฉ.1 
  Barcode: 23671
ห้องสมุดวิทยาเขตนครสวรรค์
►ส่วนจัดเก็บหนังสือเก่า นว.
บนชั้น
  ขอยืม
2. วิทยาศาสตร์การแพทย์ และสุขภาพ
วิทยาศาสตร์การแพทย์ และสุขภาพ
สถานะ=หนังสือเก่า
WO100 ต367 ล.1 ฉ.2 
  Barcode: 23672
ห้องสมุดวิทยาเขตนครสวรรค์
►ส่วนจัดเก็บหนังสือเก่า นว.
บนชั้น
  ขอยืม
3. วิทยาศาสตร์การแพทย์ และสุขภาพ
วิทยาศาสตร์การแพทย์ และสุขภาพ
สถานะ=หนังสือเก่า
WO100 ต367 ล.1 ฉ.3 
  Barcode: 23673
ห้องสมุดวิทยาเขตนครสวรรค์
►ส่วนจัดเก็บหนังสือเก่า นว.
บนชั้น
  ขอยืม

รายการใกล้เคียง
    หัวเรื่อง [ศัลยศาสตร์]

BibComment


ยังไม่เคยถูกคอมเมนท์

คอมเมนท์ทรัพยากรรายการนี้
  คอมเมนท์: ตำราศัลยศาสตร์ V..


 Copyright 2026. Bcnsprnw @Library